Normal view MARC view

Entry Término cronológico

Number of records used in: 5

001 - NÚMERO DE CONTROL

  • campo de control: 5921

003 - IDENTIFICADOR DE NÚMERO DE CONTROL

  • campo de control: Biblioxarxa

005 - FECHA Y HORA DE LA ÚLTIMA TRANSACCIÓN

  • campo de control: 20251119201623.0

008 - ELEMENTOS DE DATO DE LONGITUD-FIJA

  • campo de control de longitud fija: 251119|| aca||aabn | a|a d

040 ## - FUENTE DE CATALOGACIÓN

  • Centro catalogador/agencia de origen: Biblioxarxa
  • Centro/agencia transcriptor: Biblioxarxa

148 ## - ENCABEZAMIENTO--TÉRMINO CRONOLÓGICO

  • Término cronológico: Segle XIX

670 ## - FUENTE DE DATOS ENCONTRADOS

  • Cita de la fuente: Work cat.: (Biblioxarxa)4403: Monforte, Reyes 1971- 1632, La diva